رسالتان في معني القياس / (رقم التسجيلة. 28298)

تفاصيل مارك
000 -الفاتح
عناصر البيانات ثابتة الطول 00792cam a2200193 i 4500
005 - تاريخ ووقت آخر معاملة
حقل ضبط 20251209105152.0
008 - عناصر البيانات ثابتة الطول
عناصر البيانات ثابتة الطول 250721s1987 jo gr 000 0 ara d
082 14 - رقم تصنيف ديوي العشري
رقم التصنيف 216.1
رقم المادة ت ي م
100 1# - مدخل رئيسي – اسم شخصي
الاسم الشخصي الجوزيه، إبن قيم
علاقة الشخص بالعمل/ دوره مؤلف.
245 10 - بيان العنوان
العنوان رسالتان في معني القياس /
بيان المسؤولية لشيخي الاسلام ابن تيمية وابن القيم ؛ حققه عبد الفتاح محمود عمر.
250 ## - بيان الطبعة
بيان الطبعة الطبعة الأولى.
264 31 - بيانات النشر، التوزيع…إلخ
مكان النشر، التوزيع...إلخ عمان :
اسم الناشر، الموزع...إلخ دار الفكر للنشر والتوزيع،
تاريخ النشر، التوزيع...إلخ 1987.
300 ## - الوصف المادي
عدد الوحدات المكونة للوعاء 246 صفحة.
650 17 - مدخل إضافي بالموضوع - مصطلح موضوعي
مصطلح موضوعي أو اسم جغرافي كعنصر مدخل أصول الدين الإسلامي.
650 17 - مدخل إضافي بالموضوع - مصطلح موضوعي
مصطلح موضوعي أو اسم جغرافي كعنصر مدخل الفقه الإسلامي.
700 1# - مدخل إضافي - اسم شخصي
الاسم الشخصي عمر، عبد الفتاح محمود
علاقة الشخص بالعمل/ دوره محقق.
942 ## - بيانات إضافية (كوها)
نوع التنصيف Dewey Decimal Classification
نوع المادة (كوها) كتب
المقتنيات
حالة السحب حالة الفقدان مصدر التصنيف حالة التلف غير قابل للإعارة المكتبة الرئيسية المكتبة الحالية موقع الرف تاريخ التزويد الرقم المتسلسل Total Checkouts رقم الإستدعاء الباركود تاريخ آخر ظهور تاريخ الفاتورة نوع المادة (كوها)
    Dewey Decimal Classification   Not For Loan المكتبة المركزية المكتبة المركزية مراجع 06/07/2004 122795   م/216.1/تيم DUP-01_122795 28/07/2025 06/07/2004 مراجع
    Dewey Decimal Classification     المكتبة المركزية المكتبة المركزية الإعارة 09/12/2025 219253   216.1 / ت ي م 219253 09/12/2025 09/12/2025 كتب
Implemented & Customized by: BBB with SCIT (Smart Chains for Information Technology)

Powered by Koha